000 00450nmm a2200169Ia 4500
008 251105s9999||||xx |||||||||||||||||und||
020 _a9788490108741
041 _aspa
100 _aGrady, Robyn
245 0 _aAdiós al ayer
264 _a[Madrid, España] :
_bHarlequin,
_c2012
300 _a224 páginas
490 _a'Los Wolfe, la dinastía'
650 _aRomance
856 _uhttps://public.digitaliapublishing.com/a/50114
942 _cCF
999 _c87414
_d87414